00693nam a2200157 a 450000100100000000500170001000800410002704000250006824501950009326000430028830000350033150000260036650000210039295201050041399900170051800003491120200930074000.0111021s19uu xxu 000 0 spa d aDO-SdBNPbspacBNPHU00aThe Holy Bible :bcontaining the Old and New Testaments /ctr. out of the original tongues, and with the former translations diligently compared and revised by his majesty's special command. aMichigan,cZondervan Publishing Hause. a1137, 126, p. :bil. ;c20 cm. aTextos a dos columnas aIncluye índice 001050718MOaGRbGRcCTd2011-10-21iLF1l0o p34911-10r2020-06-25w2020-06-25y1ZNo se presta c34402d34402